000
00289nam a22001097a 4500
008
160426b xxu||||| |||| 00| 0 eng d
020
_a
0801654076
041
_a
eng
080
_a
618.2
245
_a
Nursing care of infants and children;
_c
Lucille F. Whaley; Donna L. Wong;
942
_2
udc
_c
BK
999
_c
1582
_d
1582